20 Ciudades Europeas En Un Mapa Pero Han Sido Traducidas Al Azar - Estadísticas

Estadísticas generales
  • Esta prueba ha sido intentada 312 veces
  • La puntuación promedio es 12 de 20
Respuestas en el mapa
Las respuestas están codificadas por una escala verde-roja en el mapa de la prueba según el % correcto abajo.
 
Estadísticas de respuestas
Nombre Traducido Ciudad Idioma Al Que Había Sido Traducido % Correcto
Milaun Milán Romanche
96%
Sevilha Sevilla Portugués
96%
Berlynas Berlín Lituano
93%
Warschau Varsovia Alemán
86%
Lontoo Londres Finlandés
84%
La Haye La Haya Francés
83%
Helsingfors Helsinki Sueco
82%
Saraqosa Zaragoza Azerí
67%
Neapelj Nápoles Esloveno
63%
Anvers Amberes Turco
58%
Palika París Hawaiano
56%
Afina Atenas Uzbeco
51%
Szentpétervár San Petersburgo Húngaro
43%
Këlni Colonia Albanés
40%
Kaupmannahöfn Copenhague Islandés
40%
Beč Viena Croata
40%
Kiszyniów Chisinau Polaco
33%
Ļviva Leópolis Letón
31%
Ragusa Dubrovnik Italiano
18%
Caeredin Edimburgo Galés
9%
No se encontraron pruebas coincidentes
Distribución de puntuación
Porcentaje de gente con cada puntuación
Porcentaje por número respondido
Historial de tus puntuaciones
No has intentado esta prueba.